00713nam a22001337a 4500008004100000020001800041050000800059100001900067245006400086260004600150300002500196500002000221505033800241190921b xxu||||| |||| 00| 0 eng d a9789351114055 aREF aTiwari, Ankit. aVocational guide to mobile communications. /cAnkit Tiwari. aNew Delhi :bRandom Publications, c2014. avi, 282 p. :c23 cm. aIncludes index. aContents: Introduction -- Mobile communication an mobile networks -- Wireless networking and communication technology --Tools and technologies for mobile learning -- Mobile and cellular standards process -- Bluetooth -- Guidance for sustainable mobile telecommunication growth -- Careering through the web and mobile communication.